|
|
|
|
| LEADER |
01633nam a2200397 i 4500 |
| 001 |
36926 |
| 003 |
BD-DhAAL |
| 005 |
20211129105410.0 |
| 008 |
200115t2019 nyu 001 0 eng d |
| 999 |
|
|
|c 42150
|d 42150
|
| 010 |
|
|
|a 2017056027
|
| 020 |
|
|
|a 9781292261515
|
| 020 |
|
|
|a 129226151X
|
| 020 |
|
|
|a 9780134476315 (hbk)
|
| 040 |
|
|
|a DLC
|b eng
|c DLC
|e rda
|d DLC
|d BD-DhAAL
|
| 042 |
|
|
|a pcc
|
| 050 |
0 |
0 |
|a HG4011
|b .G5 2019
|
| 082 |
0 |
0 |
|a 658.15
|2 22
|
| 100 |
1 |
|
|a Zutter, Chad J.
|9 38980
|
| 245 |
1 |
0 |
|a Principles of managerial finance /
|c Chad J. Zutter, University of Pittsburgh, Scott B. Smart, Indiana University.
|
| 250 |
|
|
|a Fifteenth edition.
|
| 260 |
|
|
|a New York, NY :
|b Pearson,
|c c2019
|
| 300 |
|
|
|a xlvi, 974 pages ;
|c 26 cm
|
| 500 |
|
|
|a Includes index.
|
| 500 |
|
|
|a Lawrence J. Gitman appeared as first named author on earlier editions.
|
| 526 |
|
|
|a Fifteenth edition Global edition
|
| 541 |
|
|
|a Trim Education
|e 36926, 36927
|
| 650 |
|
0 |
|a Corporations
|x Finance.
|9 38981
|
| 650 |
|
0 |
|a Business enterprises
|x Finance.
|9 38982
|
| 650 |
|
0 |
|a Finance.
|9 38983
|
| 650 |
|
0 |
|a Business & finance
|9 43320
|
| 700 |
1 |
|
|a Smart, Scott B.
|9 38984
|
| 852 |
|
|
|a Ayesha Abed Library
|c General Stacks
|
| 942 |
|
|
|2 ddc
|c BK
|
| 952 |
|
|
|0 0
|1 0
|2 ddc
|4 0
|6 658_150000000000000_ZUT
|7 0
|9 67708
|a BRACUL
|b BRACUL
|c GEN
|d 2020-01-13
|e Trim Education
|g 4775.00
|l 6
|m 80
|o 658.15 ZUT
|p 3010036927
|r 2024-09-28
|s 2024-06-03
|t 2
|v 4775.00
|w 2020-01-13
|y BK
|
| 952 |
|
|
|0 0
|1 0
|2 ddc
|4 0
|6 658_150000000000000_ZUT
|7 0
|9 67709
|a BRACUL
|b BRACUL
|c GEN
|d 2020-01-13
|e Trim Education
|g 4775.00
|l 8
|m 66
|o 658.15 ZUT
|p 3010036926
|r 2025-09-18
|s 2025-08-26
|t 1
|v 4775.00
|w 2020-01-13
|y BK
|